| 000 | 01207nam a2200337Ia 4500 | ||
|---|---|---|---|
| 001 | dia_107 | ||
| 003 | CHAP | ||
| 005 | 20221206141537.0 | ||
| 008 | 220117s1987 xx 000 0 und d | ||
| 010 | _a170539 | ||
| 020 | _a968-422-024-3 | ||
| 040 | _cCHAP | ||
| 082 | _a005.7565 B94 1987 | ||
| 100 |
_aByers, Robert A. _916495 |
||
| 245 |
_aIntroducción a las bases de datos con dBASE III PLUS / _c Robert A. Byers ; traducción Luis Hernández Yañez y Manuel Francisco Hernández Urrea |
||
| 260 |
_aMéxico : _b McGraw-Hill, _c1987 |
||
| 300 | _avi, 365 p. | ||
| 500 | _aTítulo original: Everyman's database primer featuring dBASE III PLUS | ||
| 503 | _aI.142842 (ej. 1) y I.142851 (ej. 2) | ||
| 590 | _aQA76.9.D3 B94 1987 | ||
| 650 |
_aBases de datos _910684 |
||
| 650 |
_aDatabase management _9147210 |
||
| 650 |
_adBASE III PLUS (Computer file) _9147211 |
||
| 650 |
_adBASE III PLUS (Programa de computador) _9147212 |
||
| 700 |
_aHernández Urrea, Manuel Francisco, tr. _9147213 |
||
| 700 | _aHernández Yañez, Luis, tr. | ||
| 901 | _a005.7565 B94 1987 | ||
| 902 | _aM | ||
| 905 | _a5232271987 mx in 8222223322spa16 | ||
| 942 |
_cLIBRO _2ddc |
||
| 999 |
_c170539 _d170539 |
||